000 00376nam a2200169Ia 4500
100 _aPatil/B.R
650 _aBEEE
942 _cBK
366 _f20
654 _ae;ectrical
245 _aBasic Electrical and electronics Engineering
260 _bOxford university press
_aMumbai
_c2007
082 _a621.3/PAT
_bPAT
300 _a505
546 _aENGLISH
999 _c19724
_d19724